000 00437nam a2200157Ia 4500
005 20250612020222.0
008 240331s9999 xx 000 0 und d
020 _a9559166018
082 _bDIS
_a322
100 _aDissanayake, W
245 0 _aJVP prabhawaya wikashaya ha deshapalanaya
260 _aColombo
_bInstitute for Studies and Research on Public Action
_c1993
300 _a295 p .,
650 _aBroadcast Politics
942 _cL
999 _c2391
_d2391